| 000 | 00619nam a2200181Ia 4500 | ||
|---|---|---|---|
| 003 | GCL | ||
| 008 | 140319s9999 xx 000 0 ara d | ||
| 040 |
_aGCL / _cGCL |
||
| 082 | 0 | 4 |
_a301.31 _bت |
| 100 | 1 | _aعبدالاله الحسين العطوف | |
| 245 | 1 | 0 |
_aالتلوث البيئى: مصادره - اثاره - طرق الحماية / _cعبدالاله الحسين العطوف |
| 300 | _a387 ص | ||
| 490 |
_aالهيئة العامة للاستعلامات _v0 |
||
| 650 | 0 | 4 | _aالتلوث الاشعاعى |
| 650 | 0 | 4 | _aالهواء - تلوث |
| 650 | 0 | 4 | _aالتلوث - سموم |
| 942 |
_2ddc _cBK |
||
| 999 |
_c49344 _d49344 |
||